Ariana Grande - Paroles Problem - Statistiques

Statistiques générales
  • Ce quiz a été pris 50 fois
  • Le résultat moyen est 347 sur 497
Statistiques - réponses
Hint Réponse % Correct
problem
97%
problem)
97%
huh
94%
I
94%
(I
94%
less,
94%
less
94%
(ooh,
94%
(ooh)
94%
Intro Uh
94%
Uh,
94%
go,
92%
on
92%
one
92%
(One
92%
Refrain One
92%
got
89%
Got
89%
got?
89%
got)
89%
ya
89%
you
89%
you)
89%
You
89%
with
83%
a
81%
when
81%
the
78%
want
78%
should
75%
And
72%
me,
72%
me
72%
me?
72%
more
72%
More
72%
no
72%
No
72%
that
72%
without
72%
baby
69%
in
69%
In
69%
my
69%
be
67%
it
67%
it,
67%
love
61%
To
61%
to
61%
I've
58%
(I've
58%
Pré-refrain Head
56%
Iggy
56%
It's
56%
it's
56%
really
56%
really,
56%
wanna
56%
what
56%
(But
53%
But
53%
but
53%
shoulders
53%
clouds
50%
let
50%
Like
50%
realize
50%
Tell
50%
tell
50%
for
47%
girl
47%
time
47%
time,
47%
Bridge Yeah
47%
have
44%
say
44%
even
42%
Couplet 1 Hey
42%
I'll
42%
is
42%
now
42%
weight
42%
Why
42%
give
39%
gotta
39%
hate
39%
leave
39%
up
39%
all
36%
around
36%
back
36%
know
36%
shouldn't
36%
so
36%
though
36%
wiser
36%
ever
33%
Every
33%
get
33%
sayin'
33%
touch
33%
won't
33%
about
31%
better
31%
probably
31%
problems,
31%
your
31%
ain't
28%
best
28%
can't
28%
Cause
28%
come
28%
don't
28%
easy
28%
I'm
28%
life
28%
money
28%
never
28%
thing
28%
Understand
28%
99
25%
biggie
25%
doubt
25%
exit
25%
forgive
25%
gonna
25%
of
25%
off
25%
than
25%
boy)
22%
call
22%
forgettin'
22%
Or
22%
or
22%
saying
22%
wake
22%
believe
19%
bit
19%
finally
19%
Iggs
19%
learned
19%
lesson
19%
little
19%
Couplet 3 Smart
19%
here
17%
thinkin'
17%
you're
17%
breathless
14%
presence
14%
stressin'
14%
thought
14%
bettin'
11%
dumb
11%
just
11%
listening
11%
million
11%
There's
11%
you's
11%
boo,
8%
Either
8%
steppin'
8%
half
6%
playin'
6%
knowin'
3%
Aucun quiz correspondant
Distribution des résultats
% des personnes avec chaque résultat
Percentile par nombre de réponses
Votre historique - résultats
Vous n’avez pas pris ce quiz